=LDR 00000nam 2200000 4500 =001 INLIS000000000011812 =005 20130612103345 =008 ***********************************Ind** =035 ##$$0010-061300000011812 =041 ##$$a Ind =082 ##$$a 418.02 =090 ##$$a 418.02, Juh t =100 ##$$a Juhari, O.Sitiawan =245 ##$$a Tehknik dan panduan menerjemahkan , D.SastrawanDjuharie =260 ##$$a 2004 $b Bandung =300 ##$$a 331 hlm., 22 cm =650 ##$$a Penerjemahan =650 ##$$a Meranis =850 ##$$a NBPNMAT